| 000 | 00533nam a2200169 4500 | ||
|---|---|---|---|
| 001 | 131513 | ||
| 003 | ES-MaACL | ||
| 005 | 20230906194009.0 | ||
| 007 | t| | ||
| 008 | 070214s1965 cu r ||||1| spa d | ||
| 100 | 1 |
_aRodríguez Expósito, César. _998510 |
|
| 245 | 1 | 0 |
_aCarlos J. Finlay _b: 1833-1915 / _cCésar Rodríguez Expósito. |
| 260 |
_aLa Habana : _bMinisterio de Salud Pública, _c1965. |
||
| 300 |
_a16 p. ; _c23 cm. |
||
| 710 | 2 |
_aCuba. _bMinisterio de Salud Pública. _93341 |
|
| 852 |
_aES-MaACL _j2050-F-6 _bR.57215 |
||
| 999 |
_c131513 _d131513 |
||